<?xml version="1.0" encoding="UTF-8"?>
<record
    xmlns:xsi="http://www.w3.org/2001/XMLSchema-instance"
    xsi:schemaLocation="http://www.loc.gov/MARC21/slim http://www.loc.gov/standards/marcxml/schema/MARC21slim.xsd"
    xmlns="http://www.loc.gov/MARC21/slim">

  <leader>03717nam a22003377a 4500</leader>
  <controlfield tag="003">OSt</controlfield>
  <controlfield tag="005">20260514110218.0</controlfield>
  <controlfield tag="008">260514b        |||||||| |||| 00| 0 aze d</controlfield>
  <datafield tag="040" ind1=" " ind2=" ">
    <subfield code="a">AZ-XaKU</subfield>
    <subfield code="b">aze</subfield>
    <subfield code="c">AZ-XaKU</subfield>
  </datafield>
  <datafield tag="041" ind1=" " ind2=" ">
    <subfield code="a">aze</subfield>
  </datafield>
  <datafield tag="050" ind1="0" ind2="4">
    <subfield code="a">HC79 .Ib7 2015 </subfield>
  </datafield>
  <datafield tag="100" ind1="1" ind2=" ">
    <subfield code="a">&#x130;brahimov, &#x130;slam,</subfield>
    <subfield code="e">m&#xFC;&#x259;llif.</subfield>
  </datafield>
  <datafield tag="245" ind1="1" ind2=" ">
    <subfield code="a">&#x18F;traf m&#xFC;hitin iqtisadiyyat&#x131;</subfield>
    <subfield code="c">/ &#x130;slam &#x130;brahimov ; elmi redaktor &#x130;bad Abbasov ; r&#x259;y&#xE7;il&#x259;r G&#x259;nc&#x259;li G&#x259;nciyev, Anar Abbasov, Rahim Sad&#x131;qov</subfield>
  </datafield>
  <datafield tag="264" ind1=" " ind2=" ">
    <subfield code="a">Bak&#x131;:</subfield>
    <subfield code="b">"Bak&#x131; Biznes Universiteti",</subfield>
    <subfield code="c">2015.</subfield>
  </datafield>
  <datafield tag="300" ind1=" " ind2=" ">
    <subfield code="a">357 s&#x259;hif&#x259; ;</subfield>
    <subfield code="c">21,5 sm.</subfield>
  </datafield>
  <datafield tag="336" ind1=" " ind2=" ">
    <subfield code="a">text</subfield>
    <subfield code="b">txt</subfield>
    <subfield code="2">rdacontent</subfield>
  </datafield>
  <datafield tag="337" ind1=" " ind2=" ">
    <subfield code="a">unmediated</subfield>
    <subfield code="b">n</subfield>
    <subfield code="2">rdamedia</subfield>
  </datafield>
  <datafield tag="338" ind1=" " ind2=" ">
    <subfield code="a">volume </subfield>
    <subfield code="b">nc</subfield>
    <subfield code="2">rdacarrier</subfield>
  </datafield>
  <datafield tag="504" ind1=" " ind2=" ">
    <subfield code="a">&#x130;stifad&#x259; olunmu&#x15F; &#x259;d&#x259;biyyat: s.348-349</subfield>
  </datafield>
  <datafield tag="505" ind1="0" ind2=" ">
    <subfield code="a">Giri&#x15F; --  I F&#x259;sil. "&#x18F;traf m&#xFC;hitin iqtisadiyyat&#x131;" f&#x259;nninin predmeti m&#x259;qs&#x259;d v&#x259; v&#x259;zif&#x259;l&#x259;ri -- II F&#x259;sil. &#x130;qtisadi inki&#x15F;af&#x131;n ekologiyala&#x15F;d&#x131;r&#x131;lmas&#x131;n&#x131;n &#x259;sas istiqam&#x259;tl&#x259;ri v&#x259; dayan&#x131;ql&#x131; inki&#x15F;af -- III F&#x259;sil. T&#x259;bii prosesl&#x259;rin pozulmas&#x131;n&#x131;n canl&#x131; al&#x259;min sa&#x11F;laml&#x131;&#x11F;&#x131;na m&#x259;nfi t&#x259;siri -- IV F&#x259;sil. Su, torpaq v&#x259; me&#x15F;&#x259; ehtiyatlar&#x131;, mineral v&#x259; bioloji ehtiyatlar v&#x259; onlar&#x131;n m&#xFC;hafiz&#x259;si yollar&#x131; -- V F&#x259;sil. T&#x259;bi&#x259;tl&#x259; c&#x259;miyy&#x259;tin qar&#x15F;&#x131;l&#x131;ql&#x131; &#x259;laq&#x259;si v&#x259; onun t&#x259;nziml&#x259;nm&#x259;si -- VI F&#x259;sil. &#x130;qtisadi inki&#x15F;af v&#x259; ekoloji amill&#x259;r -- VII F&#x259;sil. &#x18F;traf m&#xFC;hit v&#x259; t&#x259;bii ehtiyatlar&#x131;n qiym&#x259;tl&#x259;ndirilm&#x259;si funksiyalar&#x131; v&#x259; n&#xF6;vl&#x259;ri -- VIII F&#x259;sil. &#x18F;traf m&#xFC;hit&#x259; &#xE7;irkl&#x259;nm&#x259;d&#x259;n d&#x259;y&#x259;n sosial-iqtisadi z&#x259;r&#x259;rin m&#xFC;&#x259;yy&#x259;n olunmas&#x131; -- IX F&#x259;sil. T&#x259;bii m&#xFC;hit&#x259; &#xE7;&#x259;kil&#x259;n x&#x259;rcl&#x259;r v&#x259; onun s&#x259;m&#x259;r&#x259;liliyini t&#x259;yin ed&#x259;n &#xFC;sullar -- X F&#x259;sil. &#x18F;traf m&#xFC;hitd&#x259;n istifad&#x259;d&#x259; maliyy&#x259; x&#x259;rcl&#x259;rinin istiqam&#x259;ti v&#x259; t&#x259;yinat&#x131; -- XI F&#x259;sil. &#x18F;traf m&#xFC;hitd&#x259;n istifad&#x259;nin iqtisadi s&#x259;m&#x259;r&#x259;liliyi -- XII F&#x259;sil. &#x18F;traf m&#xFC;hitin m&#xFC;hafiz&#x259; f&#x259;aliyy&#x259;tinin idar&#x259; edilm&#x259;si v&#x259; ekoloji sahibkarl&#x131;q -- XIII F&#x259;sil. T&#x259;bi&#x259;ti m&#xFC;hafiz&#x259; f&#x259;aliyy&#x259;tinin idar&#x259; edilm&#x259;sinin maliyy&#x259; m&#x259;nb&#x259;l&#x259;ri -- XIV F&#x259;sil. &#x18F;traf m&#xFC;hitd&#x259;n istifad&#x259;nin iqtisadi t&#x259;nziml&#x259;m&#x259; sisteml&#x259;ri -- XV F&#x259;sil. &#x18F;traf m&#xFC;hitd&#x259;n istifad&#x259;nin iqtisadiyyat&#x131;nda ekoloji s&#x131;&#x11F;orta sistemi, menecment, informasiya v&#x259; t&#x259;hsil, beyn&#x259;lxalq &#x259;m&#x259;kda&#x15F;l&#x131;q.</subfield>
  </datafield>
  <datafield tag="520" ind1=" " ind2=" ">
    <subfield code="a">D&#x259;rs v&#x259;saiti &#x259;traf m&#xFC;hitin iqtisadiyyat&#x131; elminin mahiyy&#x259;ti, metodlar&#x131;, v&#x259;zif&#x259;l&#x259;ri, &#x259;traf m&#xFC;hitin m&#xFC;hafiz&#x259;si, t&#x259;bii ehtiyatlar, ekologiya v&#x259; iqtisadiyyat&#x131;n qar&#x15F;&#x131;l&#x131;ql&#x131; &#x259;laq&#x259;l&#x259;ri, t&#x259;bii s&#x259;rv&#x259;tl&#x259;rd&#x259;n istifad&#x259; v&#x259; onun s&#x259;m&#x259;r&#x259;liliyi, t&#x259;bii ehtiyatlar&#x131;n qiym&#x259;tl&#x259;ndirilm&#x259;si, &#x259;traf m&#xFC;hitin &#xE7;irkl&#x259;nm&#x259;sind&#x259;n d&#x259;y&#x259;n ziyan&#x131;n m&#xFC;&#x259;yy&#x259;n edilm&#x259;si m&#x259;s&#x259;l&#x259;l&#x259;ri m&#xFC;asir t&#x259;l&#x259;bl&#x259;r bax&#x131;m&#x131;ndan &#x15F;&#x259;rh edilir. Kitabda &#x259;traf m&#xFC;hit v&#x259; t&#x259;bi&#x259;td&#x259;n istifad&#x259;d&#x259; maliyy&#x259; x&#x259;rcl&#x259;rinin istiqam&#x259;tl&#x259;ri, t&#x259;bi&#x259;ti m&#xFC;hafiz&#x259; f&#x259;aliyy&#x259;tinin idar&#x259; edilm&#x259;si, ekoloji sahibkarl&#x131;q, &#x259;traf m&#xFC;hitin idar&#x259; edilm&#x259;sinin maliyy&#x259; m&#x259;nb&#x259;l&#x259;ri, &#xF6;d&#x259;ni&#x15F;l&#x259;ri, iqtisadi t&#x259;nziml&#x259;m&#x259; mexanizml&#x259;ri, fondlar&#x131;n yarad&#x131;lmas&#x131;, vergi, bank, s&#x131;&#x11F;orta sisteml&#x259;ri, menecment, informasiya v&#x259; t&#x259;hsil haqq&#x131;nda m&#x259;s&#x259;l&#x259;l&#x259;r &#xF6;z &#x259;ksini tapm&#x131;&#x15F;d&#x131;r. D&#x259;rs v&#x259;saiti Universitetin "&#x18F;traf m&#xFC;hitin iqtisadiyyat&#x131;" f&#x259;nni &#xFC;zr&#x259; t&#x259;dris proqram&#x131;na uy&#x11F;un t&#x259;rtib edilmi&#x15F;dir. </subfield>
  </datafield>
  <datafield tag="521" ind1=" " ind2=" ">
    <subfield code="a">Kitabdan iqtisadi y&#xF6;n&#xFC;ml&#xFC; universitetl&#x259;r, elmi-t&#x259;dqiqat m&#xFC;&#x259;ssis&#x259;l&#x259;rinin &#x259;m&#x259;kda&#x15F;lar&#x131;, t&#x259;l&#x259;b&#x259; v&#x259; m&#xFC;t&#x259;x&#x259;ssisl&#x259;r b&#x259;hr&#x259;l&#x259;n&#x259; bil&#x259;r.</subfield>
  </datafield>
  <datafield tag="650" ind1=" " ind2="7">
    <subfield code="a">&#x130;qtisadi Co&#x11F;rafiya</subfield>
    <subfield code="2">AZ-XaKU</subfield>
  </datafield>
  <datafield tag="655" ind1=" " ind2=" ">
    <subfield code="2">AZ-XaKU</subfield>
    <subfield code="a">D&#x259;rslik</subfield>
  </datafield>
  <datafield tag="700" ind1="1" ind2=" ">
    <subfield code="a">Abbasov, &#x130;bad,</subfield>
    <subfield code="q">elmi redaktor.</subfield>
  </datafield>
  <datafield tag="700" ind1="1" ind2=" ">
    <subfield code="a">G&#x259;nciyev, G&#x259;nc&#x259;li,</subfield>
    <subfield code="q">r&#x259;y&#xE7;i.</subfield>
  </datafield>
  <datafield tag="700" ind1="1" ind2=" ">
    <subfield code="a">Abbasov, Anar,</subfield>
    <subfield code="q">r&#x259;y&#xE7;i.</subfield>
  </datafield>
  <datafield tag="700" ind1="1" ind2=" ">
    <subfield code="a">Sad&#x131;qov, Rahim,</subfield>
    <subfield code="q">r&#x259;y&#xE7;i.</subfield>
  </datafield>
  <datafield tag="942" ind1=" " ind2=" ">
    <subfield code="c">BOOK</subfield>
  </datafield>
  <datafield tag="999" ind1=" " ind2=" ">
    <subfield code="c">479</subfield>
    <subfield code="d">479</subfield>
  </datafield>
  <datafield tag="952" ind1=" " ind2=" ">
    <subfield code="0">0</subfield>
    <subfield code="1">0</subfield>
    <subfield code="2">lcc</subfield>
    <subfield code="4">0</subfield>
    <subfield code="7">0</subfield>
    <subfield code="8">GC</subfield>
    <subfield code="a">KU</subfield>
    <subfield code="b">KU</subfield>
    <subfield code="d">2026-05-14</subfield>
    <subfield code="l">0</subfield>
    <subfield code="o">HC79 .Ib7 2015 </subfield>
    <subfield code="p">0000000360</subfield>
    <subfield code="r">2026-05-14 11:02:57</subfield>
    <subfield code="t">1</subfield>
    <subfield code="w">2026-05-14</subfield>
    <subfield code="y">BOOK</subfield>
  </datafield>
  <datafield tag="952" ind1=" " ind2=" ">
    <subfield code="0">0</subfield>
    <subfield code="1">0</subfield>
    <subfield code="2">lcc</subfield>
    <subfield code="4">0</subfield>
    <subfield code="7">0</subfield>
    <subfield code="8">GC</subfield>
    <subfield code="a">KU</subfield>
    <subfield code="b">KU</subfield>
    <subfield code="d">2026-05-14</subfield>
    <subfield code="l">0</subfield>
    <subfield code="o">HC79 .Ib7 2015  c.2</subfield>
    <subfield code="p">0000000361</subfield>
    <subfield code="r">2026-05-14 11:03:23</subfield>
    <subfield code="t">2</subfield>
    <subfield code="w">2026-05-14</subfield>
    <subfield code="y">BOOK</subfield>
  </datafield>
  <datafield tag="952" ind1=" " ind2=" ">
    <subfield code="0">0</subfield>
    <subfield code="1">0</subfield>
    <subfield code="2">lcc</subfield>
    <subfield code="4">0</subfield>
    <subfield code="7">0</subfield>
    <subfield code="8">GC</subfield>
    <subfield code="a">KU</subfield>
    <subfield code="b">KU</subfield>
    <subfield code="d">2026-05-14</subfield>
    <subfield code="l">0</subfield>
    <subfield code="o">HC79 .Ib7 2015  c.3</subfield>
    <subfield code="p">0000000362</subfield>
    <subfield code="r">2026-05-14 11:04:13</subfield>
    <subfield code="t">3</subfield>
    <subfield code="w">2026-05-14</subfield>
    <subfield code="y">BOOK</subfield>
  </datafield>
  <datafield tag="952" ind1=" " ind2=" ">
    <subfield code="0">0</subfield>
    <subfield code="1">0</subfield>
    <subfield code="2">lcc</subfield>
    <subfield code="4">0</subfield>
    <subfield code="7">0</subfield>
    <subfield code="8">GC</subfield>
    <subfield code="a">KU</subfield>
    <subfield code="b">KU</subfield>
    <subfield code="d">2026-05-14</subfield>
    <subfield code="l">0</subfield>
    <subfield code="o">HC79 .Ib7 2015  c.4</subfield>
    <subfield code="p">0000000363</subfield>
    <subfield code="r">2026-05-14 11:04:47</subfield>
    <subfield code="t">4</subfield>
    <subfield code="w">2026-05-14</subfield>
    <subfield code="y">BOOK</subfield>
  </datafield>
  <datafield tag="952" ind1=" " ind2=" ">
    <subfield code="0">0</subfield>
    <subfield code="1">0</subfield>
    <subfield code="2">lcc</subfield>
    <subfield code="4">0</subfield>
    <subfield code="7">0</subfield>
    <subfield code="8">GC</subfield>
    <subfield code="a">KU</subfield>
    <subfield code="b">KU</subfield>
    <subfield code="d">2026-05-14</subfield>
    <subfield code="l">0</subfield>
    <subfield code="o">HC79 .Ib7 2015  c.5</subfield>
    <subfield code="p">0000000364</subfield>
    <subfield code="r">2026-05-14 11:05:45</subfield>
    <subfield code="t">5</subfield>
    <subfield code="w">2026-05-14</subfield>
    <subfield code="y">BOOK</subfield>
  </datafield>
</record>
